UITU Library & LRC     

CNC Farming Machine (Record no. 33315)

MARC details
000 -LEADER
fixed length control field 00491nam a2200145Ia 4500
008 - FIXED-LENGTH DATA ELEMENTS--GENERAL INFORMATION
fixed length control field 260210s9999 xx 000 0 und d
024 ## - OTHER STANDARD IDENTIFIER
Standard number or code 17B-042-EE, 18B-022-PE, 18B-029-EE & 18B-045-EE
082 ## - DEWEY DECIMAL CLASSIFICATION NUMBER
Classification number 621 MUH
100 ## - MAIN ENTRY--PERSONAL NAME
Personal name Atif Azim,Muhammad Taha,Fahmeen Murtaza & Usman Ali Afaque
110 ## - MAIN ENTRY--CORPORATE NAME
Corporate name or jurisdiction name as entry element Dr. Abid Karim & Rameen Anwar
245 #0 - TITLE STATEMENT
Title CNC Farming Machine
260 ## - PUBLICATION, DISTRIBUTION, ETC.
Place of publication, distribution, etc. Karachi:
Name of publisher, distributor, etc. UITU,
Date of publication, distribution, etc. 2020
600 ## - SUBJECT ADDED ENTRY--PERSONAL NAME
Personal name Electrical Engineering
650 ## - SUBJECT ADDED ENTRY--TOPICAL TERM
Topical term or geographic name entry element Bachelor of Engineering (BE)

No items available.

Powered by Koha